000 00651nam a2200217Ia 4500
005 20250508163902.0
008 008 250505s9999 xx 000 0 eng d
020 _a81-7629-380-6
037 _aTextual
040 _aFEDL
_beng
_cFEDL
041 _aeng
_2eng
084 _a331.125, MAT
_qFEDL
100 _aMathur Ashok Ed.
245 0 _aEconomic liberalisation and its implications for employment
260 _aNew Delhi, India
_bDeep and Deep Publications Pvt. Ltd.
_c2002
300 _axxix,503p
650 _aEconomics
700 _a Raikhy P. S. Ed.
_9776674
942 _cTEXL
_h331.125, MAT
999 _c1385788
_d1385788